000 00977nam0a22002291i 4500
001 rc\872709
005 20240723120753.0
035 _a(NLR Aleph) 006051001
090 _a4805867
_c4805867
100 _a20041129d1984 u |0rusy50 ca
101 0 _arus
102 _aRU
105 _ay |||||||||
200 1 _aВлияние оперативных вмешательств на печени и желчных путях на состояние калликреин-кининовой системы плазмы крови
_e(Клинико-эксперим. исслед.)
_eАвтореф. дис. на соиск. учен. степ. канд. мед. наук
_e(14.00.27)
210 _aНовосибирск
_d1984
215 _a20 с.
300 _aВ надзаг.: Новосиб. гос. мед. ин-т
700 1 _aТротт
_bВ.Ф.
_gВилли Федорович
801 0 _aRU
_bNLR
_gpsbo
801 1 _aRU
_bELAR
_2rusmarc
852 _aNLR
_j86-4/4141
942 _cBOOK